000
00247nam a22001097a 4500
082
_a
823
_b
ORI/P
100
_a
ORIENT LONGMAN
245
_a
PICTURES IN THE SKY
260
_a
HYDERABAD
_b
ORIENT LONGMAN
_c
1992
650
_a
HYDERABAD
_z
INDIA
942
_c
BK
999
_c
4427
_d
4427